000 00601nam a2200205 a 4500
001 8115
003 CO-ViMGA
008 141112s2004 ck r 000 u spa d
020 _a9586014800
040 _aCO-ViMGA
_bspa
_cCO-ViMGA
082 0 4 _a791.4309 K46c
100 1 _aKing, John
_97815
245 1 0 _aEl Carrete Magico /
_cKing John
260 _aBogotá,
_cTercer Mundo Editores
300 _a356 p.
590 _aForma de adquisición : donacion - - Proveedor : Luis Ángel Arango
650 1 4 _aCine - Historia - América Latina
_97816
650 1 4 _ahistoria del cine
_97817
942 _2ddc
_cBK
999 _c19930
_d19930